NBA MVP Crossword - Statistics

General Stats
  • This quiz has been taken 2,882 times
    837 since last reset
  • The average score is 114 of 200
Answer Stats
Player Letter % Correct
Giannis Antetokounmpo, Kevin Durant T
89%
Kevin Durant, Stephen Curry U
89%
Giannis Antetokounmpo, Dirk Nowitzki N
88%
Giannis Antetokounmpo, Derrick Rose O
87%
James Harden, Giannis Antetokounmpo N
86%
Giannis Antetokounmpo, Kobe Bryant T
86%
Giannis Antetokounmpo A
85%
Kevin Durant D
85%
Giannis Antetokounmpo, Russell Westbrook O
85%
Stephen Curry, Kobe Bryant R
85%
Kevin Durant R
85%
Kevin Durant A
84%
Giannis Antetokounmpo E
84%
Kevin Durant N
84%
LeBron James, Russell Westbrook S
83%
James Harden, LeBron James A
82%
Stephen Curry C
82%
Giannis Antetokounmpo K
82%
Giannis Antetokounmpo O
82%
Stephen Curry R
82%
Stephen Curry Y
82%
Dirk Nowitzki, Allen Iverson I
81%
Giannis Antetokounmpo U
81%
Derrick Rose, Kevin Garnett E
80%
Giannis Antetokounmpo M
80%
Giannis Antetokounmpo P
80%
Larry Bird, Michael Jordan D
79%
Dirk Nowitzki, Bob Pettit T
79%
Steve Nash, Wilt Chamberlain H
78%
Kobe Bryant B
77%
James Harden D
77%
James Harden E
77%
James Harden H
77%
Wilt Chamberlain, Larry Bird I
77%
Dirk Nowitzki O
77%
James Harden R
77%
Derrick Rose R
77%
Derrick Rose S
77%
Kobe Bryant A
76%
Dirk Nowitzki I
76%
Dirk Nowitzki K
76%
Kobe Bryant N
76%
Russell Westbrook, Shaquille O'Neal O
76%
Dirk Nowitzki W
76%
Kobe Bryant Y
76%
Russell Westbrook B
75%
Russell Westbrook, Julius Erving E
75%
Russell Westbrook K
75%
Russell Westbrook R
75%
Russell Westbrook T
75%
Russell Westbrook W
75%
Dirk Nowitzki Z
75%
LeBron James E
74%
LeBron James J
74%
LeBron James M
74%
Kevin Garnett, Steve Nash N
74%
Steve Nash A
72%
Michael Jordan J
72%
Michael Jordan O
72%
Steve Nash S
72%
Michael Jordan A
71%
Larry Bird B
71%
Michael Jordan N
71%
Michael Jordan R
71%
Larry Bird R
71%
Shaquille O'Neal, Tim Duncan A
69%
Allen Iverson E
69%
Allen Iverson N
69%
Allen Iverson O
69%
Allen Iverson R
69%
Allen Iverson S
69%
Allen Iverson V
69%
Bob McAdoo, Shai Gilgeous-Alexander A
67%
Wes Unseld, Kareem Abdul-Jabbar D
67%
Kareem Abdul-Jabbar, Karl Malone A
66%
Shai Gilgeous-Alexander H
66%
Kareem Abdul-Jabbar, Hakeem Olajuwon L
66%
Shai Gilgeous-Alexander S
66%
Kareem Abdul-Jabbar A
65%
Kareem Abdul-Jabbar, David Robinson B
65%
Kareem Abdul-Jabbar A
64%
Kareem Abdul-Jabbar B
64%
Kareem Abdul-Jabbar B
64%
Wilt Chamberlain C
64%
Charles Barkley, Joel Embiid E
64%
Shai Gilgeous-Alexander I
64%
Kareem Abdul-Jabbar J
64%
Kareem Abdul-Jabbar R
64%
Kareem Abdul-Jabbar U
64%
Wilt Chamberlain A
63%
Wilt Chamberlain B
63%
Wilt Chamberlain E
63%
Wilt Chamberlain M
63%
Wilt Chamberlain R
63%
Wilt Chamberlain A
62%
Wilt Chamberlain L
62%
Wilt Chamberlain N
61%
Tim Duncan, Wes Unseld U
60%
Joel Embiid B
59%
Tim Duncan C
59%
Joel Embiid D
59%
Tim Duncan D
59%
Joel Embiid I
59%
Joel Embiid M
59%
Tim Duncan N
59%
Tim Duncan N
59%
Joel Embiid I
58%
Shaquille O'Neal N
58%
Shaquille O'Neal E
57%
Shaquille O'Neal L
57%
Kevin Garnett A
54%
Kevin Garnett G
54%
Hakeem Olajuwon, Magic Johnson J
54%
Bob Pettit P
54%
Kevin Garnett R
54%
Kevin Garnett T
54%
Kevin Garnett T
54%
Bob Pettit E
53%
Oscar Robertson, Nikola Jokic O
53%
Bob Pettit T
53%
Magic Johnson, Karl Malone O
52%
Julius Erving R
52%
Bob Pettit I
51%
Bob Pettit T
51%
Magic Johnson, David Robinson N
50%
Nikola Jokić J
49%
Julius Erving N
49%
Magic Johnson O
49%
Nikola Jokić C
48%
Wes Unseld, Willis Reed E
48%
Julius Erving G
48%
Nikola Jokić I
48%
Julius Erving I
48%
Nikola Jokić K
48%
Julius Erving V
48%
Magic Johnson H
47%
Magic Johnson N
47%
Magic Johnson S
47%
Hakeem Olajuwon, Bob McAdoo O
46%
Wes Unseld N
45%
Wes Unseld L
44%
Wes Unseld S
44%
Hakeem Olajuwon A
43%
Hakeem Olajuwon O
43%
Oscar Robertson, Bill Russell R
42%
Hakeem Olajuwon U
42%
Hakeem Olajuwon W
42%
Bob Cousy, Charles Barkley Y
42%
Charles Barkley B
41%
Hakeem Olajuwon N
41%
Charles Barkley A
40%
Karl Malone, Dave Cowens E
40%
Charles Barkley K
40%
Charles Barkley L
40%
Charles Barkley R
40%
Bill Russell, Bill Walton L
39%
David Robinson, Dave Cowens O
38%
Karl Malone M
37%
Karl Malone L
36%
Karl Malone N
36%
Bill Russell E
35%
Willis Reed R
35%
Bill Russell S
35%
Bill Russell S
35%
Bill Russell U
35%
Willis Reed D
34%
Willis Reed E
34%
David Robinson I
34%
Bill Russell L
34%
Moses Malone, Oscar Robertson O
34%
David Robinson O
34%
David Robinson R
34%
David Robinson S
34%
Bob McAdoo, Moses Malone M
33%
David Robinson N
32%
Bill Walton, Bob Cousy O
32%
Oscar Robertson R
31%
Oscar Robertson N
29%
Oscar Robertson B
28%
Oscar Robertson E
28%
Oscar Robertson S
28%
Oscar Robertson T
28%
Bob Cousy C
27%
Bob Cousy S
26%
Bob Cousy U
26%
Bill Walton A
25%
Moses Malone A
25%
Bob McAdoo C
25%
Bill Walton N
25%
Bill Walton T
25%
Bill Walton W
25%
Dave Cowens C
24%
Bob McAdoo D
24%
Moses Malone E
24%
Moses Malone L
24%
Moses Malone N
24%
Bob McAdoo O
24%
Dave Cowens N
23%
Dave Cowens S
23%
Dave Cowens W
23%
No matching quizzes found
Score Distribution
Percent of People with Each Score
Percentile by Number Answered
Your Score History
You have not taken this quiz since the last reset